A-Z Famous People - Massachusetts - Statistics

General Stats
  • This quiz has been taken 103 times
  • The average score is 12 of 26
Answer Stats
Picture Hint Answer % Correct
K - Politician John F. Kennedy
99%
F - Polymath Benjamin Franklin
91%
C - Wrestler & Actor John Cena
87%
W - Actor Mark Wahlberg
85%
D - Actor & Producer Matt Damon
85%
P - Writer & Poet Edgar Allan Poe
79%
A - Statesman & Diplomat John Adams
78%
E - Actor Chris Evans
72%
L - Actor Matt LeBlanc
71%
O - Television Host Conan O'Brien
64%
T - Actress & Model Uma Thurman
63%
Q - Statesman & Politician (Middle Name 'Q', Write with Middle Name) John Quincy Adams
62%
N - Actor Leonard Nimoy
62%
B - Businessman & Politician Michael Bloomberg
41%
M - Boxer Rocky Marciano
39%
H - Founding Father & Merchant John Hancock
30%
S - Author & Cartoonist Dr. Seuss
21%
R - Gymnast Aly Raisman
18%
Z - Musician & Actor Steven Van Zandt
14%
J - Actress Amy Jo Johnson
13%
U - Novelist & Poet John Updike
12%
G - Abolitionist & Journalist William Lloyd Garrison
11%
V - Sportscaster & Sportswriter Lesley Visser
10%
X - Founding Father (Surname Ends in 'X') Henry Knox
8%
I - Football Player James Ihedigbo
5%
Y - Writer Jane Yolen
4%
No matching quizzes found
Score Distribution
Percent of People with Each Score
Percentile by Number Answered
Your Score History
You have not taken this quiz